[Event "CHI-ch sf"]
[Site "Talca"]
[Date "2020.01.16"]
[Round "3"]
[White "Diaz Villagran, Robert"]
[Black "Matus Martinez, Mauricio Alejandro"]
[Result "1-0"]
[WhiteElo "2325"]
[BlackElo "2114"]
[PlyCount "83"]
[EventDate "2020.01.15"]
[EventType "swiss"]
[EventRounds "9"]
[EventCountry "CHI"]
[SourceTitle "CBM 194 Extra"]
[Source "ChessBase"]
[SourceDate "2020.03.31"]
[SourceVersion "1"]
[SourceVersionDate "2020.03.31"]
[SourceQuality "1"]

1. e4 c5 2. Nf3 d6 3. d3 Nc6 4. g3 g6 5. Bg2 Bg7 6. 0-0 e6 7. c3 Nge7 8. Bg5 0-0 9. Qd2 b5 10. d4 Bb7 11. Bh6 Na5 12. Bxg7 Kxg7 13. Qf4 f6 14. Rd1 e5 15. dxe5 fxe5 16. Qh4 Rf6 17. Nxe5 Re6 18. Nd3 Qc7 19. Nf4 Rf6 20. Qg5 Kf7 21. Nd2 Rh8 22. Nd3 h6 23. Qe3 Kg7 24. a4 Rhf8 25. axb5 a6 26. Rxa5 Qxa5 27. e5 Re6 28. Bxb7 Qxb5 29. Bg2 c4 30. Nf4 Rxe5 31. Qd4 Nf5 32. Qxc4 Rfe8 33. Qxb5 axb5 34. Nf3 Re4 35. Bf1 Ra8 36. Bxb5 Ra2 37. Bd3 Rea4 38. Bxf5 gxf5 39. Rd2 Ra6 40. Nd4 Rb6 41. Nxf5+ Kf6 42. Nd5+ 1-0